Satellite images - Catalonia - Statistics

General Stats
  • This quiz has been taken 88 times
  • The average score is 15 of 20
Answer Stats
Picture Hint Answer % Correct
City Barcelona
100%
Landmark Delta de l'Ebre
94%
City Girona
92%
Cape Cap de Creus
91%
Building Sagrada Família
87%
City Tarragona
87%
Gulf Golf de Roses
86%
City Lleida
86%
Range Pirineus
85%
Islands Illes Medes
83%
Entertainment Resort Port Aventura World
79%
Explorer Monument Cristòfor Colom
78%
Circuit Circuit de Barcelona - Catalunya
76%
Range Montserrat
69%
Mountain Pedraforca
69%
Costa Brava Town Cadaqués
64%
Region Val d'Aran
60%
Medieval Town Besalú
56%
Natural Park Aiguamolls de l'Empordà
46%
Sea Mar Balear
23%
No matching quizzes found
Score Distribution
Percent of People with Each Score
Percentile by Number Answered
Your Score History
You have not taken this quiz